000 00777nab a2200241 u 4500
001 16913
003 HDC
007 cr bn ---aaaaa
008 210222c20100606xx dr|noo 0 a eng d
040 _aHDC
245 0 _aMalaysia: Muslim Biz World 2010
260 _a[No place] :
_b[publisher not identified],
_c2010
336 _atext
_2rdacontent
337 _acomputer
_2rdamedia
338 _aonline resource
_2rdacarrier
650 _ahalal industry
_zMalaysia
_9204
650 _aMuslim businesses
_916557
710 _aHalal Focus
856 _zRequest full-text at [email protected]
942 _2lcc
942 _cNEWS
942 _kNWSO 005813
999 _c14229
_d14229